Catálogo
 En Linea

Doctrina juridica dominicana : (Registro nro. 48761)

Detalles MARC
000 -CABECERA
campo de control de longitud fija 01941nam a2200229 a 4500
003 - IDENTIFICADOR DEL NÚMERO DE CONTROL
campo de control OSt
005 - FECHA Y HORA DE LA ÚLTIMA TRANSACCIÓN
campo de control 20240314191552.0
008 - DATOS DE LONGITUD FIJA--INFORMACIÓN GENERAL
campo de control de longitud fija 190807s1990 dr 000 spa d
040 ## - FUENTE DE LA CATALOGACIÓN
Centro catalogador/agencia de origen DO-SdBNP
Lengua de catalogación spa
Centro/agencia transcriptor BNPHU
082 ## - NÚMERO DE LA CLASIFICACIÓN DECIMAL DEWEY
Número de clasificación 340.02
Número de documento/Ítem R263d
100 1# - ENTRADA PRINCIPAL--NOMBRE DE PERSONA
Nombre de persona Milton Ray Guevara
Fechas asociadas al nombre 1948-
9 (RLIN) 78143
245 #0 - MENCIÓN DE TÍTULO
Título Doctrina juridica dominicana :
Resto del título un aporte personal /
Mención de responsabilidad, etc. Milton Ray Guevara
260 ## - PUBLICACIÓN, DISTRIBUCIÓN, ETC.
Lugar de publicación, distribución, etc. Santo Domingo :
Nombre del editor, distribuidor, etc. Taller,
Fecha de publicación, distribución, etc. 1990.
300 ## - DESCRIPCIÓN FÍSICA
Extensión 235 p. ;
Dimensiones 22 cm.
500 ## - NOTA GENERAL
Nota general Incluye referencias bibliográficas y notas al pie de las páginas
505 ## - NOTA DE CONTENIDO CON FORMATO
Nota de contenido con formato Dedicatoria -- Palabras liminares -- Principios generales de la conciliación y el arbitraje -- La fusión de sociedades comerciales: algunos principios generales -- El sida y el derecho -- La igualdad de los esposos en el derecho moderno -- El diálogo tripartito: su contenido jurídico social -- El banquero: el secreto y el secreto profesional de artículo del código penal -- Soberanía nacional y recursos naturales -- ¿Mar matrimonial o mar patrimonial? -- La conferencia del mar -- Anteproyecto de reforma constitucional para la administración pública -- La regulación legislativa de los grupos financieros bancarios -- La declaración universal de los derechos del hombre: análisis crítico -- La interpelación es bicameral -- El mecanismo de sustitución vicepresidencial -- Partidos políticos: algunas consideraciones -- Organizaciones políticas: alianzas y democracia interna -- El consejo económico y social -- Algunos elementos para una reforma constitucional en la República Dominicana -- El Senado de la República, ¿Cuál reforma? -- Imbroglio constitucional -- El decreto 200-90: tres vertientes -- Ambiente conceptual para una legislación de grupos financieros bancarios
590 ## - NOTA LOCAL (RLIN)
Nota local Inventariado, 2020/VM
650 #7 - PUNTO DE ACCESO ADICIONAL DE MATERIA--TÉRMINO DE MATERIA
Fuente del encabezamiento o término Lemb
Término de materia o nombre geográfico como elemento de entrada Derecho
Subdivisión general
Subdivisión geográfica República Dominicana
9 (RLIN) 76722
910 ## - DATOS DE OPCIÓN DEL USUARIO (OCLC)
Datos de opción del usuario En proceso
942 ## - ELEMENTOS DE PUNTO DE ACCESO ADICIONAL (KOHA)
Fuente del sistema de clasificación o colocación Dewey Decimal Classification
Tipo de ítem Koha Libros y folletos
956 ## - LOCALIZACIÓN Y ACCESO ELECTRÓNICOS LOCAL (OCLC)
Nombre del host VMateo
Existencias
Estado de retiro Estado de pérdida Fuente del sistema de clasificación o colocación Restricciones de uso No para préstamo Código de colección Localización permanente Ubicación/localización actual Ubicación en estantería Fecha de adquisición Fuente de adquisición Total de préstamos Signatura topográfica completa Código de barras Fecha visto por última vez Precio válido a partir de Tipo de ítem Koha Nota pública
    Dewey Decimal Classification   Excluido de préstamo Monografías: Libros y Folletos Biblioteca Nacional Pedro Henríquez Ureña Patrimonio Dominicano En catalogación 30.09.2020 Reyes Duluc   340.02 R263d 2020-0070 30.09.2020 30.09.2020 Libros y folletos Perteneció a la biblioteca personal de la familia Reyes Duluc

Con tecnología Koha